| Tag |
First Indicator |
Second Indicator |
Subfields |
| LEADER |
00000cas a2200000 4500 |
| 001 |
in00000061313 |
| 005 |
20151008051646.0 |
| 008 |
770818c19779999ne mrzp o 0 a0eng |
| 010 |
|
|
|a 77641972
|
| 012 |
|
|
|a 4
|b 3
|k 1
|m 0
|
| 022 |
|
|
|a 0378-2166
|
| 035 |
|
|
|a (OCoLC)ocm03197305
|
| 035 |
|
|
|a (OCoLC)03197305
|
| 035 |
|
|
|9 AAG9243AM
|
| 040 |
|
|
|a DLC
|c DLC
|d OCL
|d NST
|d DLC
|d AIP
|d NST
|d AIP
|d NST
|d NSD
|d NST
|d NSD
|d NST
|d NSD
|d CUS
|d WAU
|d SYS
|d GUA
|d UtOrBLW
|
| 042 |
|
|
|a lc
|a nsdp
|
| 049 |
|
|
|a TXAM
|
| 050 |
0 |
0 |
|a P99.4.P72
|b J68
|
| 082 |
0 |
|
|a 410/.5
|
| 210 |
0 |
|
|a J. pragmat.
|
| 222 |
|
0 |
|a Journal of pragmatics
|
| 245 |
0 |
0 |
|a Journal of pragmatics.
|
| 264 |
|
1 |
|a Amsterdam :
|b North-Holland Pub. Co.
|
| 300 |
|
|
|a volumes ;
|c 24 cm.
|
| 310 |
|
|
|a Monthly,
|b 1991-
|
| 321 |
|
|
|a Quarterly,
|b 1977-1978
|
| 321 |
|
|
|a Bimonthly,
|b 1979-1990
|
| 336 |
|
|
|a text
|b txt
|2 rdacontent
|
| 337 |
|
|
|a unmediated
|b n
|2 rdamedia
|
| 338 |
|
|
|a volume
|b nc
|2 rdacarrier
|
| 362 |
0 |
|
|a v. 1- Apr. 1977-
|
| 500 |
|
|
|a "An interdisciplinary quarterly of language studies."
|
| 500 |
|
|
|a "An interdisciplinary bi-monthly of language studies." (varies)
|
| 510 |
2 |
|
|a Abstracts of English studies
|x 0001-3560
|b 1982-
|
| 510 |
2 |
|
|a Computer & control abstracts
|x 0036-8113
|b Feb. 1991-
|
| 510 |
2 |
|
|a Electrical & electronics abstracts
|x 0036-8105
|b Feb. 1991-
|
| 510 |
2 |
|
|a Physics abstracts
|x 0036-8091
|b Feb. 1991-
|
| 510 |
2 |
|
|a Language and language behavior abstracts
|x 0023-8295
|
| 510 |
2 |
|
|a Language teaching
|x 0261-4448
|
| 510 |
2 |
|
|a MLA international bibliography of books and articles on the modern languages and literatures (Complete ed.)
|x 0024-8215
|
| 510 |
2 |
|
|a Philosopher's index
|x 0031-7993
|
| 510 |
2 |
|
|a Sociological abstracts
|x 0038-0202
|
| 515 |
|
|
|a Two vols. per year, numbered 1-6, 1991-<1998>; one vol. per year, numbered 1-12, <1999- >
|
| 530 |
|
|
|a Available also by subscription via the World Wide Web.
|
| 555 |
|
|
|a Vol. 11 (1987)-v. 20 (1993), published as v. 31, no. 12.
|
| 650 |
|
0 |
|a Pragmatics
|v Periodicals.
|
| 650 |
|
0 |
|a Linguistics
|v Periodicals.
|
| 850 |
|
|
|a CLSU
|a CaAEU
|a CoU
|a DGW
|a DLC
|a DeU
|a FU
|a GEU
|a IaAS
|a KyLoU
|a MBU
|a MdU
|a MnU
|a MoU
|a NBuU
|a NCH
|a NN
|a NNStJ
|a NjR
|a OCU
|a OkU
|a OrCS
|a PPiC
|a TxCM
|a ViU
|a ViW
|
| 891 |
0 |
3 |
|9 853
|8 1
|a v.
|b no.
|u 4
|v r
|i (year)
|j (month)
|w q
|
| 891 |
4 |
0 |
|9 863
|8 1.1
|a <1>
|b 1
|i <1977>
|j <04>
|
| 891 |
2 |
0 |
|9 853
|8 2
|a v.
|b no.
|u 12
|v r
|i (year)
|j (month)
|w m
|x 01
|
| 891 |
4 |
1 |
|9 863
|8 2.1
|a <33>
|b <10>
|i <2001>
|j <10>
|
| 936 |
|
|
|a Dec. 1999
|
| 994 |
|
|
|a E0
|b TXA
|
| 948 |
|
|
|a MFHD URL added
|b h
|c 2002/9/16
|d c
|e rstovall5
|f 2:30:39 pm
|
| 999 |
|
|
|a MARS
|
| 999 |
f |
f |
|s af802aea-8372-3d7a-aaf8-5e51a4695719
|i b6f26cce-4aab-3335-b85e-f37645482421
|t 0
|
| 952 |
f |
f |
|p ric
|a Texas A&M University
|b Rellis Campus
|c Joint Library Facility
|d Remote Storage
|t 0
|e P99.4.P72 J68
|h Library of Congress classification
|i unmediated -- volume
|k v.25:no.4 -v.25:no.6
|l 1996-1996
|m A14820370935
|
| 952 |
f |
f |
|p ric
|a Texas A&M University
|b Rellis Campus
|c Joint Library Facility
|d Remote Storage
|t 0
|e P99.4.P72 J68
|h Library of Congress classification
|i unmediated -- volume
|k v.26:no.4 -v.26:no.6
|l 1996-1996
|m A14821105804
|
| 952 |
f |
f |
|p ric
|a Texas A&M University
|b Rellis Campus
|c Joint Library Facility
|d Remote Storage
|t 0
|e P99.4.P72 J68
|h Library of Congress classification
|i unmediated -- volume
|k v.16
|l 1991
|m A14815594477
|
| 952 |
f |
f |
|p ric
|a Texas A&M University
|b Rellis Campus
|c Joint Library Facility
|d Remote Storage
|t 0
|e P99.4.P72 J68
|h Library of Congress classification
|i unmediated -- volume
|k v.31:no.10-12
|l 1999:Oct.-Dec.
|m A14826160299
|
| 952 |
f |
f |
|p ric
|a Texas A&M University
|b Rellis Campus
|c Joint Library Facility
|d Remote Storage
|t 0
|e P99.4.P72 J68
|h Library of Congress classification
|i unmediated -- volume
|k v.15
|l 1991
|m A14815079150
|
| 952 |
f |
f |
|p ric
|a Texas A&M University
|b Rellis Campus
|c Joint Library Facility
|d Remote Storage
|t 0
|e P99.4.P72 J68
|h Library of Congress classification
|i unmediated -- volume
|k v.21
|l 1994
|m A14818375238
|
| 952 |
f |
f |
|p ric
|a Texas A&M University
|b Rellis Campus
|c Joint Library Facility
|d Remote Storage
|t 0
|e P99.4.P72 J68
|h Library of Congress classification
|i unmediated -- volume
|k Index: v. 11/20
|l 1987/1993
|m A14826835975
|
| 952 |
f |
f |
|p ric
|a Texas A&M University
|b Rellis Campus
|c Joint Library Facility
|d Remote Storage
|t 0
|e P99.4.P72 J68
|h Library of Congress classification
|i unmediated -- volume
|k v.3:no.1-5
|l 1979
|m A14823899661
|
| 952 |
f |
f |
|p ric
|a Texas A&M University
|b Rellis Campus
|c Joint Library Facility
|d Remote Storage
|t 0
|e P99.4.P72 J68
|h Library of Congress classification
|i unmediated -- volume
|k v.13:no.4 -v.13:no.6
|l 1989-1989
|m A14812898424
|
| 952 |
f |
f |
|p ric
|a Texas A&M University
|b Rellis Campus
|c Joint Library Facility
|d Remote Storage
|t 0
|e P99.4.P72 J68
|h Library of Congress classification
|i unmediated -- volume
|k v.33:no.4-6
|l 2001:April-June
|m A14827897792
|
| 952 |
f |
f |
|p ric
|a Texas A&M University
|b Rellis Campus
|c Joint Library Facility
|d Remote Storage
|t 0
|e P99.4.P72 J68
|h Library of Congress classification
|i unmediated -- volume
|k v.30:no.1-3
|l 1998:July-Sept.
|m A14826160095
|
| 952 |
f |
f |
|p ric
|a Texas A&M University
|b Rellis Campus
|c Joint Library Facility
|d Remote Storage
|t 0
|e P99.4.P72 J68
|h Library of Congress classification
|i unmediated -- volume
|k v.27
|l 1997
|m A14822175462
|
| 952 |
f |
f |
|p ric
|a Texas A&M University
|b Rellis Campus
|c Joint Library Facility
|d Remote Storage
|t 0
|e P99.4.P72 J68
|h Library of Congress classification
|i unmediated -- volume
|k v.20
|l 1993
|m A14817928012
|
| 952 |
f |
f |
|p ric
|a Texas A&M University
|b Rellis Campus
|c Joint Library Facility
|d Remote Storage
|t 0
|e P99.4.P72 J68
|h Library of Congress classification
|i unmediated -- volume
|k v.17
|l 1992
|m A14816056870
|
| 952 |
f |
f |
|p ric
|a Texas A&M University
|b Rellis Campus
|c Joint Library Facility
|d Remote Storage
|t 0
|e P99.4.P72 J68
|h Library of Congress classification
|i unmediated -- volume
|k v.10
|l 1986
|m A14838518660
|
| 952 |
f |
f |
|p ric
|a Texas A&M University
|b Rellis Campus
|c Joint Library Facility
|d Remote Storage
|t 0
|e P99.4.P72 J68
|h Library of Congress classification
|i unmediated -- volume
|k v.11
|l 1987
|m A14811697045
|
| 952 |
f |
f |
|p ric
|a Texas A&M University
|b Rellis Campus
|c Joint Library Facility
|d Remote Storage
|t 0
|e P99.4.P72 J68
|h Library of Congress classification
|i unmediated -- volume
|k v.13:no.1 -v.13:no.3
|l 1989-1989
|m A14812897876
|
| 952 |
f |
f |
|p ric
|a Texas A&M University
|b Rellis Campus
|c Joint Library Facility
|d Remote Storage
|t 0
|e P99.4.P72 J68
|h Library of Congress classification
|i unmediated -- volume
|k v.31:no.4-6
|l 1999:April-June
|m A14826160215
|
| 952 |
f |
f |
|p ric
|a Texas A&M University
|b Rellis Campus
|c Joint Library Facility
|d Remote Storage
|t 0
|e P99.4.P72 J68
|h Library of Congress classification
|i unmediated -- volume
|k v.33:no.1-3
|l 2001:Jan.-Mar.
|m A14827369074
|
| 952 |
f |
f |
|p ric
|a Texas A&M University
|b Rellis Campus
|c Joint Library Facility
|d Remote Storage
|t 0
|e P99.4.P72 J68
|h Library of Congress classification
|i unmediated -- volume
|k v.14
|l 1990
|m A14812952511
|
| 952 |
f |
f |
|p ric
|a Texas A&M University
|b Rellis Campus
|c Joint Library Facility
|d Remote Storage
|t 0
|e P99.4.P72 J68
|h Library of Congress classification
|i unmediated -- volume
|k v.30:no.4-6
|l 1998:Oct.-Dec.
|m A14826160134
|
| 952 |
f |
f |
|p ric
|a Texas A&M University
|b Rellis Campus
|c Joint Library Facility
|d Remote Storage
|t 0
|e P99.4.P72 J68
|h Library of Congress classification
|i unmediated -- volume
|k v.6
|l 1982
|m A14838518628
|
| 952 |
f |
f |
|p ric
|a Texas A&M University
|b Rellis Campus
|c Joint Library Facility
|d Remote Storage
|t 0
|e P99.4.P72 J68
|h Library of Congress classification
|i unmediated -- volume
|k v.34:no.4-6
|l 2002:Apr.-June
|m A14829909448
|
| 952 |
f |
f |
|p ric
|a Texas A&M University
|b Rellis Campus
|c Joint Library Facility
|d Remote Storage
|t 0
|e P99.4.P72 J68
|h Library of Congress classification
|i unmediated -- volume
|k v.32:no.4-6
|l 2000:Mar.-May
|m A14826835462
|
| 952 |
f |
f |
|p ric
|a Texas A&M University
|b Rellis Campus
|c Joint Library Facility
|d Remote Storage
|t 0
|e P99.4.P72 J68
|h Library of Congress classification
|i unmediated -- volume
|k v.26:no.1 -v.26:no.3
|l 1996-1996
|m A14821105765
|
| 952 |
f |
f |
|p ric
|a Texas A&M University
|b Rellis Campus
|c Joint Library Facility
|d Remote Storage
|t 0
|e P99.4.P72 J68
|h Library of Congress classification
|i unmediated -- volume
|k v.32:no.10-13
|l 2000:Sept.-Dec.
|m A14827335148
|
| 952 |
f |
f |
|p ric
|a Texas A&M University
|b Rellis Campus
|c Joint Library Facility
|d Remote Storage
|t 0
|e P99.4.P72 J68
|h Library of Congress classification
|i unmediated -- volume
|k v.19
|l 1993
|m A14817239390
|
| 952 |
f |
f |
|p ric
|a Texas A&M University
|b Rellis Campus
|c Joint Library Facility
|d Remote Storage
|t 0
|e P99.4.P72 J68
|h Library of Congress classification
|i unmediated -- volume
|k v.22
|l 1994
|m A14818375288
|
| 952 |
f |
f |
|p ric
|a Texas A&M University
|b Rellis Campus
|c Joint Library Facility
|d Remote Storage
|t 0
|e P99.4.P72 J68
|h Library of Congress classification
|i unmediated -- volume
|k v.34:no.1-3
|l 2002:Jan.-Mar.
|m A14829914299
|
| 952 |
f |
f |
|p ric
|a Texas A&M University
|b Rellis Campus
|c Joint Library Facility
|d Remote Storage
|t 0
|e P99.4.P72 J68
|h Library of Congress classification
|i unmediated -- volume
|k v.9
|l 1985
|m A14838518652
|
| 952 |
f |
f |
|p ric
|a Texas A&M University
|b Rellis Campus
|c Joint Library Facility
|d Remote Storage
|t 0
|e P99.4.P72 J68
|h Library of Congress classification
|i unmediated -- volume
|k v.2
|l 1978
|m A14838518597
|
| 952 |
f |
f |
|p ric
|a Texas A&M University
|b Rellis Campus
|c Joint Library Facility
|d Remote Storage
|t 0
|e P99.4.P72 J68
|h Library of Congress classification
|i unmediated -- volume
|k v.24
|l 1995
|m A14820455175
|
| 952 |
f |
f |
|p ric
|a Texas A&M University
|b Rellis Campus
|c Joint Library Facility
|d Remote Storage
|t 0
|e P99.4.P72 J68
|h Library of Congress classification
|i unmediated -- volume
|k v.4
|l 1980
|m A14838518602
|
| 952 |
f |
f |
|p ric
|a Texas A&M University
|b Rellis Campus
|c Joint Library Facility
|d Remote Storage
|t 0
|e P99.4.P72 J68
|h Library of Congress classification
|i unmediated -- volume
|k v.5
|l 1981
|m A14838518610
|
| 952 |
f |
f |
|p ric
|a Texas A&M University
|b Rellis Campus
|c Joint Library Facility
|d Remote Storage
|t 0
|e P99.4.P72 J68
|h Library of Congress classification
|i unmediated -- volume
|k v.34:no.10/11-12
|l 2002:Oct.-Dec.
|m A14829913968
|
| 952 |
f |
f |
|p ric
|a Texas A&M University
|b Rellis Campus
|c Joint Library Facility
|d Remote Storage
|t 0
|e P99.4.P72 J68
|h Library of Congress classification
|i unmediated -- volume
|k v.1/10:Index
|l 1977/1986
|m A14819007309
|
| 952 |
f |
f |
|p ric
|a Texas A&M University
|b Rellis Campus
|c Joint Library Facility
|d Remote Storage
|t 0
|e P99.4.P72 J68
|h Library of Congress classification
|i unmediated -- volume
|k v.34:no.7-9
|l 2002:July-Sept.
|m A14829909480
|
| 952 |
f |
f |
|p ric
|a Texas A&M University
|b Rellis Campus
|c Joint Library Facility
|d Remote Storage
|t 0
|e P99.4.P72 J68
|h Library of Congress classification
|i unmediated -- volume
|k v.29
|l 1998
|m A14823340688
|
| 952 |
f |
f |
|p ric
|a Texas A&M University
|b Rellis Campus
|c Joint Library Facility
|d Remote Storage
|t 0
|e P99.4.P72 J68
|h Library of Congress classification
|i unmediated -- volume
|k v.32:no.1-3
|l 2000:Jan.-feb.
|m A14826836010
|
| 952 |
f |
f |
|p ric
|a Texas A&M University
|b Rellis Campus
|c Joint Library Facility
|d Remote Storage
|t 0
|e P99.4.P72 J68
|h Library of Congress classification
|i unmediated -- volume
|k v.31:no.1-3
|l 1999:Jan.-Mar.
|m A14826160176
|
| 952 |
f |
f |
|p ric
|a Texas A&M University
|b Rellis Campus
|c Joint Library Facility
|d Remote Storage
|t 0
|e P99.4.P72 J68
|h Library of Congress classification
|i unmediated -- volume
|k v.7
|l 1983
|m A14838518636
|
| 952 |
f |
f |
|p ric
|a Texas A&M University
|b Rellis Campus
|c Joint Library Facility
|d Remote Storage
|t 0
|e P99.4.P72 J68
|h Library of Congress classification
|i unmediated -- volume
|k v.8
|l 1984
|m A14838518644
|
| 952 |
f |
f |
|p ric
|a Texas A&M University
|b Rellis Campus
|c Joint Library Facility
|d Remote Storage
|t 0
|e P99.4.P72 J68
|h Library of Congress classification
|i unmediated -- volume
|k v.32:no.7-9
|l 2000:June-Aug.
|m A14827335180
|
| 952 |
f |
f |
|p ric
|a Texas A&M University
|b Rellis Campus
|c Joint Library Facility
|d Remote Storage
|t 0
|e P99.4.P72 J68
|h Library of Congress classification
|i unmediated -- volume
|k v.23
|l 1995
|m A14819349905
|
| 952 |
f |
f |
|p ric
|a Texas A&M University
|b Rellis Campus
|c Joint Library Facility
|d Remote Storage
|t 0
|e P99.4.P72 J68
|h Library of Congress classification
|i unmediated -- volume
|k v.31:no.7-9
|l 1999:July-Sept.
|m A14826160257
|
| 952 |
f |
f |
|p ric
|a Texas A&M University
|b Rellis Campus
|c Joint Library Facility
|d Remote Storage
|t 0
|e P99.4.P72 J68
|h Library of Congress classification
|i unmediated -- volume
|k v.33:no.10-12
|l 2001:Oct.-Dec.
|m A14829914257
|
| 952 |
f |
f |
|p ric
|a Texas A&M University
|b Rellis Campus
|c Joint Library Facility
|d Remote Storage
|t 0
|e P99.4.P72 J68
|h Library of Congress classification
|i unmediated -- volume
|k v.28
|l 1997
|m A14822175519
|
| 952 |
f |
f |
|p ric
|a Texas A&M University
|b Rellis Campus
|c Joint Library Facility
|d Remote Storage
|t 0
|e P99.4.P72 J68
|h Library of Congress classification
|i unmediated -- volume
|k v.18
|l 1992
|m A14816138630
|
| 952 |
f |
f |
|p ric
|a Texas A&M University
|b Rellis Campus
|c Joint Library Facility
|d Remote Storage
|t 0
|e P99.4.P72 J68
|h Library of Congress classification
|i unmediated -- volume
|k v.12
|l 1988
|m A14811820884
|
| 952 |
f |
f |
|p ric
|a Texas A&M University
|b Rellis Campus
|c Joint Library Facility
|d Remote Storage
|t 0
|e P99.4.P72 J68
|h Library of Congress classification
|i unmediated -- volume
|k v.25:no.1 -v.25:no.3
|l 1996-1996
|m A14820455183
|
| 952 |
f |
f |
|p ric
|a Texas A&M University
|b Rellis Campus
|c Joint Library Facility
|d Remote Storage
|t 0
|e P99.4.P72 J68
|h Library of Congress classification
|i unmediated -- volume
|k v.33:no.7-9
|l 2001:July-Sept.
|m A14827897831
|
| 998 |
f |
f |
|a P99.4.P72 J68
|s v.4-34 (1980-2002)
|t 0
|l Remote Storage
|